[Event "Lille Luce op 6th"]
[Site "Lille"]
[Date "2015.05.06"]
[Round "4"]
[White "Hirschmann, Georges"]
[Black "Petit, Michel"]
[Result "1-0"]
[WhiteElo "1687"]
[BlackElo "1298"]
[PlyCount "41"]
[EventDate "2015.05.04"]
[EventType "swiss"]
[EventRounds "9"]
[EventCountry "FRA"]
[SourceTitle "EXT 2017"]
[Source "ChessBase"]
[SourceDate "2016.10.25"]
[SourceVersion "1"]
[SourceVersionDate "2016.10.25"]
[SourceQuality "1"]

1. d4 Nc6 2. Nf3 d5 3. Bf4 Bg4 4. Nbd2 Qd7 5. h3 Bh5 6. c3 Nf6 7. Qb3 b6 8. e3 e6 9. Bb5 Bd6 10. Qa4 0-0 11. Bxc6 Qc8 12. Bxa8 Qxa8 13. Bxd6 cxd6 14. 0-0 Rc8 15. Rac1 Ne4 16. Rfe1 a6 17. c4 dxc4 18. Rxc4 Rb8 19. Qc6 d5 20. Qxa8 Rxa8 21. Rcc1 1-0

[Event "Saint Affrique op 22nd"]
[Site "Saint Affrique"]
[Date "2014.07.20"]
[Round "2"]
[White "Grimault, Stephanie"]
[Black "Hirschmann, Georges"]
[Result "0-1"]
[WhiteElo "1274"]
[BlackElo "1801"]
[PlyCount "100"]
[EventDate "2014.07.19"]
[EventType "swiss"]
[EventRounds "9"]
[EventCountry "FRA"]
[SourceTitle "CBM 161 Extra"]
[Source "ChessBase"]
[SourceDate "2014.08.29"]
[SourceVersion "1"]
[SourceVersionDate "2014.08.29"]
[SourceQuality "1"]

1. Nf3 d5 2. b3 Nf6 3. Bb2 c6 4. e3 Bg4 5. Be2 Nbd7 6. h3 Bh5 7. d4 e6 8. c4 Bb4+ 9. Bc3 Qa5 10. Qd3 Bg6 11. Qd1 Bxc3+ 12. Nxc3 Qxc3+ 13. Nd2 Ne4 14. Qc1 Qxd2+ 15. Qxd2 Nxd2 16. Kxd2 0-0 17. c5 e5 18. b4 a6 19. Rhd1 exd4 20. exd4 Rfe8 21. f4 Be4 22. g4 Nf8 23. f5 f6 24. Rg1 h6 25. a3 Re7 26. Rae1 Rae8 27. Bd1 Nh7 28. h4 Kf7 29. g5 hxg5 30. Bh5+ Kf8 31. Bxe8 Rxe8 32. h5 Bxf5 33. Rxe8+ Kxe8 34. Rf1 Be4 35. Rf2 f5 36. Rh2 Kf7 37. Ke3 Nf6 38. Rh3 f4+ 39. Ke2 g4 40. Rh4 Bf5 41. h6 g5 42. Rh2 g3 43. Rh1 g2 44. Rg1 Be4 45. Kf2 Kg6 46. Re1 Kxh6 47. Kg1 g4 48. Re2 f3 49. Rd2 g3 50. a4 b5 0-1

[Event "FRA-ch Seniors"]
[Site "Nancy"]
[Date "2013.08.12"]
[Round "1"]
[White "Hirschmann, Georges"]
[Black "Giffard, Nicolas"]
[Result "0-1"]
[WhiteElo "1756"]
[BlackElo "2337"]
[PlyCount "74"]
[EventDate "2013.08.11"]
[EventType "swiss"]
[EventRounds "11"]
[EventCountry "FRA"]
[SourceTitle "CBM 156 Extra"]
[Source "ChessBase"]
[SourceDate "2013.10.22"]
[SourceVersion "1"]
[SourceVersionDate "2013.10.22"]
[SourceQuality "1"]

1. d4 Nf6 2. Nf3 c5 3. c4 cxd4 4. Nxd4 e5 5. Nb5 d5 6. cxd5 Bc5 7. e3 0-0 8. Be2 Nbd7 9. 0-0 a6 10. N5c3 e4 11. Qc2 Qe7 12. Nd2 Re8 13. b3 b5 14. Bb2 Bb7 15. Rac1 Bd6 16. Rfe1 h5 17. Qd1 Qe5 18. Nf1 b4 19. Na4 Qg5 20. Bd4 Ne5 21. Bxe5 Rxe5 22. Nb6 Rd8 23. Rc2 Nxd5 24. Nxd5 Rxd5 25. Qc1 h4 26. Rd1 Rxd1 27. Bxd1 Be5 28. Be2 Bc3 29. Bc4 Bc8 30. Nd2 Qg6 31. a3 a5 32. axb4 axb4 33. Be2 Bh3 34. g3 Bg4 35. Nf1 h3 36. Bxg4 Qxg4 37. f4 Rd1 0-1

[Event "Nuremberg LGA Cup 6th"]
[Site "Nuremberg"]
[Date "2009.09.05"]
[Round "4"]
[White "Koepke, Elena"]
[Black "Hirschmann, Georges"]
[Result "1-0"]
[WhiteElo "2239"]
[BlackElo "1917"]
[PlyCount "33"]
[EventDate "2009.09.03"]
[EventType "swiss"]
[EventRounds "7"]
[EventCountry "GER"]
[SourceTitle "CBM 132 Extra"]
[Source "ChessBase"]
[SourceDate "2009.11.03"]
[SourceVersion "1"]
[SourceVersionDate "2009.11.03"]
[SourceQuality "1"]

1. e4 e6 2. d4 d5 3. Nd2 Nf6 4. Bd3 c5 5. e5 Nfd7 6. c3 Nc6 7. Ne2 Be7 8. 0-0 0-0 9. Nf3 cxd4 10. cxd4 f6 11. Nf4 Nb6 12. exf6 Bxf6 13. Bb1 Rf7 14. Re1 Nxd4 15. Nxd4 e5 16. Nde6 Qe7 17. Bxh7+ 1-0

[Event "Condom op-A"]
[Site "Condom"]
[Date "2009.07.17"]
[Round "8"]
[White "Hirschmann, Georges"]
[Black "Vainguer, Guillaume"]
[Result "1-0"]
[WhiteElo "1917"]
[BlackElo "1751"]
[PlyCount "45"]
[EventDate "2009.07.11"]
[EventType "swiss"]
[EventRounds "9"]
[EventCountry "FRA"]
[SourceTitle "CBM 131 Extra"]
[Source "ChessBase"]
[SourceDate "2009.09.03"]
[SourceVersion "2"]
[SourceVersionDate "2009.09.16"]
[SourceQuality "1"]

1. d4 d5 2. Nf3 Bf5 3. e3 e6 4. Be2 Nf6 5. 0-0 Bd6 6. c4 c6 7. Nc3 0-0 8. b3 Nbd7 9. Bb2 e5 10. dxe5 Nxe5 11. cxd5 cxd5 12. Nb5 Re8 13. Nxd6 Qxd6 14. Bxe5 Rxe5 15. Nxe5 Qxe5 16. Qd4 Qxd4 17. exd4 Ne4 18. Rac1 Bd7 19. Bd3 Ng5 20. Rfd1 Re8 21. Kf1 Kf8 22. Rc5 Bc6 23. Bb5 1-0

[Event "FRA-ch Seniors"]
[Site "Aix les Bains"]
[Date "2007.08.24"]
[Round "10"]
[White "Andrieu, Philippe"]
[Black "Hirschmann, Georges"]
[Result "1-0"]
[WhiteElo "2028"]
[BlackElo "1942"]
[PlyCount "163"]
[EventDate "2007.08.13"]
[EventType "swiss"]
[EventRounds "11"]
[EventCountry "FRA"]
[SourceTitle "CBM 120 Extra"]
[Source "ChessBase"]
[SourceDate "2007.11.01"]
[SourceVersion "1"]
[SourceVersionDate "2007.11.01"]
[SourceQuality "1"]

1. d4 Nf6 2. Bg5 e6 3. e4 h6 4. Bxf6 Qxf6 5. e5 Qd8 6. Nf3 b6 7. Bd3 Bb7 8. 0-0 c5 9. c3 Be7 10. Nbd2 d5 11. exd6 Bxd6 12. Qe2 Nd7 13. Rad1 cxd4 14. Nxd4 0-0 15. N2f3 a6 16. Bc2 Qb8 17. h3 Re8 18. Rfe1 Nf6 19. Qd3 Qc7 20. Nxe6 Rxe6 21. Rxe6 fxe6 22. Qxd6 Qxd6 23. Rxd6 Bd5 24. Rxb6 Bxa2 25. b3 a5 26. Ne5 Rd8 27. c4 Bb1 28. Nc6 Rd2 29. Rb8+ Kf7 30. Ne5+ Ke7 31. Nc6+ Kf7 32. Rb7+ Kf8 33. Bxb1 Rd1+ 34. Kh2 Rxb1 35. Nxa5 Ne4 36. Rd7 Nc5 37. Rd8+ Kf7 38. Rb8 Nd3 39. Nc6 e5 40. b4 Rb2 41. Kg3 e4 42. Rb5 g5 43. Ne5+ Nxe5 44. Rxe5 Rxb4 45. Rxe4 Kf6 46. h4 Kf5 47. Rg4 Rb3+ 48. f3 Rc3 49. hxg5 hxg5 50. Rd4 Rc2 51. Rd5+ Kf6 52. c5 Kg6 53. Rd6+ Kf5 54. c6 Ke5 55. Rh6 Kf5 56. Kh3 Rc1 57. g4+ Ke5 58. Kg3 Rg1+ 59. Kf2 Rc1 60. Rg6 Kf4 61. Rf6+ Ke5 62. Rf5+ Kd4 63. Rxg5 Rxc6 64. Rf5 Rg6 65. Kg3 Rh6 66. g5 Rg6 67. Kg4 Ra6 68. Rf6 Ra1 69. Kf5 Ra5+ 70. Kg6 Ra3 71. Kh6 Ra1 72. g6 Ke5 73. Rb6 Rh1+ 74. Kg7 Rf1 75. Rb3 Ke6 76. Kf8 Ra1 77. Rb6+ Kf5 78. g7 Ra8+ 79. Kf7 Ra7+ 80. Kg8 Ra1 81. Kh7 Rh1+ 82. Rh6 1-0

[Event "FRA-ch Seniors"]
[Site "Aix les Bains"]
[Date "2007.08.19"]
[Round "6"]
[White "Laval, Hubert"]
[Black "Hirschmann, Georges"]
[Result "1-0"]
[WhiteElo "1910"]
[BlackElo "1942"]
[PlyCount "67"]
[EventDate "2007.08.13"]
[EventType "swiss"]
[EventRounds "11"]
[EventCountry "FRA"]
[SourceTitle "CBM 120 Extra"]
[Source "ChessBase"]
[SourceDate "2007.11.01"]
[SourceVersion "1"]
[SourceVersionDate "2007.11.01"]
[SourceQuality "1"]

1. Nf3 d5 2. g3 Nf6 3. Bg2 e6 4. 0-0 Be7 5. d3 0-0 6. Nbd2 c5 7. e4 Nc6 8. Re1 Qc7 9. e5 Nd7 10. Qe2 Re8 11. c3 b5 12. Nf1 c4 13. d4 b4 14. h4 f5 15. Bf4 bxc3 16. bxc3 Rb8 17. Ne3 Nf8 18. Reb1 Rxb1+ 19. Rxb1 Ng6 20. Bg5 Bxg5 21. Nxg5 Bd7 22. Qh5 Nf8 23. Qf7+ Kh8 24. Nxd5 Qc8 25. Nf4 Nd8 26. Qh5 Kg8 27. Qe2 h6 28. Nf3 Qa6 29. d5 exd5 30. Nxd5 Nde6 31. Nd4 Qc8 32. f4 Qc5 33. Qf2 g6 34. Nf6+ 1-0

[Event "Paris Apsap op 75th"]
[Site "Paris"]
[Date "2004.09.05"]
[Round "8"]
[White "Sabban, Manuel"]
[Black "Hirschmann, Georges"]
[Result "1/2-1/2"]
[WhiteElo "1800"]
[BlackElo "1987"]
[PlyCount "37"]
[EventDate "2004.09.??"]
[EventType "swiss"]
[EventRounds "9"]
[EventCountry "FRA"]
[SourceTitle "EXT 2006"]
[Source "ChessBase"]
[SourceDate "2005.11.24"]
[SourceVersion "1"]
[SourceVersionDate "2005.11.24"]
[SourceQuality "1"]

1. d4 Nf6 2. Bg5 d5 3. c4 e6 4. Nc3 Be7 5. e3 h6 6. Bh4 0-0 7. Nf3 b6 8. cxd5 Nxd5 9. Nxd5 Bxh4 10. Nxh4 Qxd5 11. Nf3 Bb7 12. Be2 Nd7 13. a3 Rfd8 14. Rc1 Rac8 15. 0-0 g5 16. Ne1 Qf5 17. Bf3 Ba6 18. Be2 Bb7 19. Bf3 1/2-1/2

[Event "Paris Apsap op 75th"]
[Site "Paris"]
[Date "2004.09.02"]
[Round "4"]
[White "Hirschmann, Georges"]
[Black "Eche, Sylvain"]
[Result "1/2-1/2"]
[WhiteElo "1987"]
[BlackElo "2139"]
[PlyCount "85"]
[EventDate "2004.09.??"]
[EventType "swiss"]
[EventRounds "9"]
[EventCountry "FRA"]
[SourceTitle "EXT 2006"]
[Source "ChessBase"]
[SourceDate "2005.11.24"]
[SourceVersion "1"]
[SourceVersionDate "2005.11.24"]
[SourceQuality "1"]

1. e4 c5 2. Nf3 g6 3. d4 cxd4 4. Nxd4 Bg7 5. Be2 Nc6 6. Be3 Nf6 7. Nc3 0-0 8. 0-0 d6 9. Nb3 Be6 10. f4 Qc8 11. Nd4 Bg4 12. Nf3 Rd8 13. Ng5 h6 14. Nf3 Na5 15. h3 Be6 16. Bf2 Nc4 17. Bxc4 Bxc4 18. Re1 e6 19. Qc1 b6 20. Qe3 Qb7 21. Rac1 Rac8 22. b3 Ba6 23. Nd1 Qa8 24. Bh4 Kh7 25. Nf2 Rd7 26. c4 Bb7 27. Nd4 e5 28. fxe5 dxe5 29. Nb5 Nh5 30. g4 Nf4 31. Nc3 Bf8 32. Nd5 Bc5 33. Qf3 Bxd5 34. cxd5 g5 35. Bg3 Nxh3+ 36. Kh2 Nf4 37. Bxf4 gxf4 38. g5 Bxf2 39. Qxf2 hxg5 40. Qf3 f5 41. Qh3+ Kg6 42. Qxf5+ Kh6 43. Qh3+ 1/2-1/2

[Event "Paris Apsap op 69th"]
[Site "Paris"]
[Date "2003.12.27"]
[Round "1"]
[White "Hirschmann, Georges"]
[Black "Justo, Damian"]
[Result "0-1"]
[WhiteElo "1995"]
[BlackElo "2306"]
[PlyCount "50"]
[EventDate "2003.12.31"]
[EventType "swiss"]
[EventRounds "7"]
[EventCountry "FRA"]
[SourceTitle "EXT 2005"]
[Source "ChessBase"]
[SourceDate "2004.11.15"]
[SourceVersion "1"]
[SourceVersionDate "2004.11.15"]
[SourceQuality "1"]

1. e4 e6 2. d4 d5 3. Nd2 c5 4. exd5 exd5 5. Ngf3 a6 6. dxc5 Bxc5 7. Nb3 Ba7 8. Be2 Nf6 9. 0-0 0-0 10. Nbd4 Bg4 11. h3 Bh5 12. Be3 Nbd7 13. c3 Re8 14. Nf5 Bb8 15. Re1 Bg6 16. Bd3 Ne4 17. N3d4 Qf6 18. g4 Ne5 19. f4 Nxd3 20. Qxd3 Nd6 21. Rad1 Bc7 22. Nxd6 Bxd3 23. Nxe8 Rxe8 24. Rxd3 Qh4 25. Bf2 Rxe1+ 0-1

[Event "Paris Apsap op 54rd"]
[Site "Paris"]
[Date "2002.??.??"]
[Round "1"]
[White "Bernard, Christophe"]
[Black "Hirschmann, Georges"]
[Result "1-0"]
[WhiteElo "2360"]
[BlackElo "1860"]
[PlyCount "71"]
[EventDate "2002.08.15"]
[EventType "swiss"]
[EventRounds "9"]
[EventCountry "FRA"]
[SourceTitle "EXT 2003"]
[Source "ChessBase"]
[SourceDate "2002.11.25"]
[SourceVersion "1"]
[SourceVersionDate "2002.11.25"]
[SourceQuality "1"]

1. e4 c5 2. Nf3 Nc6 3. d4 cxd4 4. Nxd4 Nf6 5. Nc3 e5 6. Ndb5 d6 7. Nd5 Nxd5 8. exd5 Nb8 9. c4 a6 10. Qa4 Bd7 11. Qa3 Bc8 12. Be3 b6 13. Be2 Be7 14. 0-0 Bb7 15. Nc3 0-0 16. f4 Nd7 17. f5 a5 18. Ne4 Nf6 19. Nxf6+ Bxf6 20. Qb3 e4 21. Bxb6 Qe7 22. Be3 a4 23. Qa3 Rfb8 24. Rad1 Bxd5 25. Rxd5 Rxb2 26. Rf2 Rb1+ 27. Bf1 Be5 28. Bd4 Bxd4 29. Rxd4 e3 30. Re2 Re8 31. Qxd6 Qg5 32. Qf4 Qf6 33. Rxe3 Rxe3 34. Qxe3 g5 35. Rd5 Qa1 36. Qxg5+ 1-0